000 00615nam a2200217 i 4500
001 bg
100 1 _aCICHOBŁAZIŃSKI, Leszek
245 1 0 _aTechniki negocjacji /
_cLeszek Cichobłaziński.
260 _aCzęstochowa :
_bWydaw. Wydziału Zarządzania Politechniki Częstochowskiej,
_c2003.
300 _a67 s. :
_bil. ;
_c25 cm.
504 _aBibliogr.
650 9 _aNegocjacje
655 _aPodręczniki akademickie
020 _a838846907X
040 _cBPK
041 0 _apol
080 _a65.011:316.47](075.8)
920 _a83-88469-07-X
942 _cKS
008 s pl f |000 0 pol
999 _c43976
_d43976
856 _uhttp://koha.tu.koszalin.pl/cgi-bin/koha/opac-detail.pl?biblionumber=43976
_yKatalog online BPK